Machines Tools: (Record no. 3112)
[ view plain ]
| 000 -LEADER | |
|---|---|
| fixed length control field | 00751nac a22002051u 4500 |
| 010 ## - LIBRARY OF CONGRESS CONTROL NUMBER | |
| LC control number | 96002534 |
| 082 00 - DEWEY DECIMAL CLASSIFICATION NUMBER | |
| Classification number | 006.31 |
| Item number | D2628 |
| 090 ## - LOCALLY ASSIGNED LC-TYPE CALL NUMBER (OCLC); LOCAL CALL NUMBER (OCLC) | |
| -- | 3112 |
| -- | 3112 |
| 100 ## - MAIN ENTRY--PERSONAL NAME | |
| Personal name | Datta ,R.N. |
| 245 12 - TITLE STATEMENT | |
| Title | Machines Tools: |
| Statement of responsibility, etc | .Workshop Technology/ |
| Remainder of title | R.N.Datta. |
| 260 ## - PUBLICATION, DISTRIBUTION, ETC. (IMPRINT) | |
| Place of publication, distribution, etc | Kolkata, India. : |
| Name of publisher, distributor, etc | New Central Book Agency., |
| Date of publication, distribution, etc | c[2004]- |
| 300 ## - PHYSICAL DESCRIPTION | |
| Extent | 388p : |
| Other physical details | ill. ; |
| Dimensions | 24 cm. |
| 504 ## - BIBLIOGRAPHY, ETC. NOTE | |
| Bibliography, etc | Includes bibliographical references and indexes. |
| 650 #0 - SUBJECT ADDED ENTRY--TOPICAL TERM | |
| Topical term or geographic name as entry element | Machine learning |
| General subdivision | Technique. |
| 650 #0 - SUBJECT ADDED ENTRY--TOPICAL TERM | |
| Topical term or geographic name as entry element | Algorithms. |
| 650 #0 - SUBJECT ADDED ENTRY--TOPICAL TERM | |
| Topical term or geographic name as entry element | Learning models (Stochastic processes) |
| 700 1# - ADDED ENTRY--PERSONAL NAME | |
| Personal name | Datta ,R.N |
| 942 ## - ADDED ENTRY ELEMENTS (KOHA) | |
| Item type | Book - Borrowing |
| Call number prefix | 006.31D2628 |
| Withdrawn status | Item status | Source of classification or shelving scheme | Damaged status | Not for loan | Home library | Current library | Shelving location | Date acquired | Source of acquisition | Total Checkouts | Full call number | Barcode | Date last seen | Koha item type |
|---|---|---|---|---|---|---|---|---|---|---|---|---|---|---|
| Dewey Decimal Classification | Central Library | Central Library | Lower Floor | 21/03/2007 | Purchase | 006.31 DAT | 000030014 | 15/07/2025 | Book - Borrowing |